logo

Bir Sreshtho Munshi Abdur Rouf Library
Jhenaidah Cadet College

বাংলা একাডেমী বাংলাদেশের লোকজ সংস্কৃতি গ্রন্থমালা : (Record no. 11204)

MARC details
000 -LEADER
fixed length control field 00952nam a2200229 a 4500
001 - CONTROL NUMBER
JCCL Control Number 11204
003 - CONTROL NUMBER IDENTIFIER
JCCL marc code BD-JhCC
005 - DATE AND TIME OF LATEST TRANSACTION
control field 20190806182416.0
008 - FIXED-LENGTH DATA ELEMENTS--GENERAL INFORMATION
fixed length control field 190806s2014 bg a|||| |||| 000 0 ben d
020 ## - INTERNATIONAL STANDARD BOOK NUMBER
International Standard Book Number 984075114X
035 ## - SYSTEM CONTROL NUMBER
system control number (BD-JhCC)11204
040 ## - CATALOGING SOURCE
Original cataloging agency BD-JhCC
Modifying agency BD-JhCC
041 ## - LANGUAGE CODE
Language code of Book ben
082 ## - DEWEY DECIMAL CLASSIFICATION NUMBER
Classification number 398.1
Author mark and Year BAN 2014
245 ## - TITLE STATEMENT
Title বাংলা একাডেমী বাংলাদেশের লোকজ সংস্কৃতি গ্রন্থমালা :
Remainder of title খুলনা /
Statement of responsibility, etc সম্পাদনায় শামসুজ্জামান খান
260 ## - PUBLICATION, DISTRIBUTION, ETC. (IMPRINT)
Place of publication, distribution, etc ঢাকা :
Name of publisher, distributor, etc বাংলা একাডেমী,
Date of publication, distribution, etc ২০১৪.
300 ## - PHYSICAL DESCRIPTION
Pagination ৬২৪ পৃ. :
Other physical details চিত্রাবলী সংযোজিত;
Dimensions ২২ সেমি.
504 ## - BIBLIOGRAPHY, ETC. NOTE
Bibliography, etc গ্রন্থপঞ্জি সংবলিত
650 ## - SUBJECT ADDED ENTRY--TOPICAL TERM
Topical term or geographic name as entry element Folklore
700 ## - ADDED ENTRY--PERSONAL NAME
Personal name খান, শামসুজ্জামান
942 ## - ADDED ENTRY ELEMENTS (KOHA)
Source of classification or shelving scheme Dewey Decimal Classification
Koha item type Books
Holdings
Source of classification or shelving scheme Damaged status Not for loan Home library Current library Shelving location Date of accession Cost, normal purchase price Total Checkouts Full call number Barcode Date last seen Copy number Koha item type Method of acquisition Currency
Dewey Decimal Classification     JCC Rouf Library JCC Rouf Library General Stacks 06/06/2019 336.00   398.1 BAN 2014 15255 08/06/2019 C-1 Books    
Dewey Decimal Classification     JCC Rouf Library JCC Rouf Library General Stacks   480.00   398.1 BAN 2014 18999 03/13/2024 C-2 Books Purchase BDT
Dewey Decimal Classification     JCC Rouf Library JCC Rouf Library General Stacks   480.00   398.1 BAN 2014 19000 03/13/2024 C-3 Books Purchase BDT

JCC Library | Contacts | JCC Home

Last Update on 23 September 2017
Copyright @ 2017-2020 JCC Rouf Library
Rouf Library, Jhenidah Cadet College (JCC), Bangladesh